[Event "5. Bayer Open"]
[Site "Leverkusen"]
[Date "2008.01.28"]
[Round "2"]
[White "Wieland, Ingo"]
[Black "Teuber, Alfons"]
[Result "1-0"]
[WhiteElo "1664"]
[BlackElo "1087"]
[PlyCount "111"]
[EventDate "2008.01.14"]
[EventType "swiss"]
[EventRounds "7"]
[EventCountry "GER"]
[Source "Birnkott,Manfre"]
[SourceDate "2008.04.23"]

1. e4 e5 2. Nf3 d6 3. d4 exd4 4. Nxd4 a6 5. Nc3 Bd7 6. Bc4 Nf6 7. Bg5 Be7 8.
O-O b5 9. Bd3 c5 10. Nf3 c4 11. Be2 Be6 12. Nd5 Nc6 13. Nxf6+ gxf6 14. Bf4 Qc7
15. Nd4 Nxd4 16. Qxd4 Qc5 17. Qxc5 dxc5 18. Rfd1 Rd8 19. Rxd8+ Bxd8 20. Rd1 O-O
21. Bd6 Re8 22. Bxc5 Bc7 23. c3 f5 24. exf5 Bxf5 25. Kf1 Rc8 26. g3 Bh3+ 27.
Kg1 Bf5 28. Bd6 Bb6 29. Kg2 Re8 30. Rd2 Re6 31. Bf4 Re8 32. a4 Be4+ 33. Bf3
bxa4 34. Bxe4 Rxe4 35. Kf3 Re1 36. Rd6 Re6 37. Rxe6 fxe6 38. Be3 Ba5 39. Bd4
Bc7 40. Ke4 Bd6 41. Bb6 Kf7 42. Kd4 a3 43. bxa3 Bxa3 44. Kxc4 Bc1 45. Kd4 Kf6
46. c4 Kf5 47. h3 h5 48. c5 Bb2+ 49. Kd3 Be5 50. c6 Bd6 51. c7 Bxc7 52. Bxc7 e5
53. f3 Ke6 54. Ke4 a5 55. Bxe5 a4 56. Bb2 1-0

[Event "5. Bayer Open"]
[Site "Leverkusen"]
[Date "2008.02.11"]
[Round "3"]
[White "Negele, Michael"]
[Black "Rotstein, Jefim"]
[Result "1/2-1/2"]
[WhiteElo "2118"]
[BlackElo "2296"]
[PlyCount "167"]
[EventDate "2008.01.14"]
[EventType "swiss"]
[EventRounds "7"]
[EventCountry "GER"]
[Source "Birnkott,Manfre"]
[SourceDate "2008.04.23"]

1. d4 Nf6 2. Nc3 d5 3. Bg5 Bf5 4. f3 Nbd7 5. Nxd5 Nxd5 6. e4 f6 (6... h6 7. Bh4
Ne3 8. Qd3 Nxf1 9. exf5 Nc5 10. Qc3 Na4) 7. Bd2 Be6 8. exd5 Bxd5 9. Bd3 e5 10.
c3 exd4 11. cxd4 c6 12. Qc2 Qb6 13. Ne2 g6 14. Bc4 Bd6 15. O-O-O Bxc4 16. Qxc4
O-O-O 17. Bf4 $6 (17. Nf4) 17... Qc7 18. Bg3 Rhe8 19. Nc3 Nb6 20. Qb3 Bxg3 21.
hxg3 f5 22. Kb1 Nd5 23. Nxd5 Rxd5 24. f4 Qd7 25. a3 h5 26. Rhe1 Rd8 27. Re5
Rxd4 28. Rxd4 Qxd4 29. Qe6+ $2 (29. Re6) 29... Kc7 30. Re1 (30. Qxg6 $2 Qd3+
31. Ka1 Qf1+ 32. Ka2 Qc4+) 30... Qd3+ 31. Ka1 Qd6 32. Qf7+ Rd7 33. Qe8 a5 34.
Re6 Qc5 35. Re1 Qd6 36. Re6 Qd1+ 37. Ka2 Kb6 38. Re1 Qd6 39. Qe3+ Ka6 40. Qe8
Rd8 41. Qf7 a4 42. Re7 b6 43. Ra7+ Kb5 44. Rxa4 Qd5+ (44... Kxa4 $4 45. b3+ Ka5
46. Qa7+ Kb5 47. Qa4+ Kc5 48. Qc4#) 45. Qxd5+ Rxd5 46. Rb4+ Kc5 47. Rb3 Rd2 48.
Rc3+ Kd5 49. a4 Rxg2 50. Ka3 c5 51. Rb3 Kc6 52. Re3 Kb7 53. b4 cxb4+ 54. Kxb4
Ka6 55. Re6 Rxg3 56. a5 h4 57. Rxb6+ Ka7 58. Re6 h3 59. Re7+ Ka6 60. Re6+ Kb7
61. Re7+ Kc6 62. a6 Rg1 63. Re6+ Kd5 64. Re5+ Kd4 65. Re2 $8 Ra1 66. Kb5 Kd3
67. Rh2 Ke3 68. Rxh3+ Kxf4 69. Rh4+ Kg3 70. Ra4 Rb1+ 71. Rb4 (71. Kc6 Rb8 72.
a7 Ra8 73. Kb7 Rxa7+ 74. Kxa7) 71... Rd1 72. a7 Rd8 73. Kc6 Ra8 74. Kb7 Rxa7+
75. Kxa7 f4 76. Kb6 f3 77. Kc5 f2 78. Rb1 g5 79. Kd4 Kf3 80. Rb3+ Kg2 81. Rb1
Kf3 82. Rb3+ Kf4 83. Rb8 Kf3 (83... g4 $4 84. Rf8+ Kg3 85. Ke3 f1=Q 86. Rxf1
Kg2 87. Rf2+ Kh1 88. Kf4 g3 89. Kxg3 Kg1 90. Rf3 Kh1 91. Rf1#) 84. Rb3+ 1/2-1/2

[Event "5. Bayer Open"]
[Site "Leverkusen"]
[Date "2008.02.11"]
[Round "3"]
[White "Michalczak, Thomas"]
[Black "Schockenbäumer, Dirk"]
[Result "0-1"]
[WhiteElo "2294"]
[BlackElo "2135"]
[PlyCount "66"]
[EventDate "2008.01.14"]
[EventType "swiss"]
[EventRounds "7"]
[EventCountry "GER"]
[Source "Birnkott,Manfre"]
[SourceDate "2008.04.23"]

1. e4 c5 2. c3 Nf6 3. e5 Nd5 4. d4 cxd4 5. Qxd4 e6 6. Nf3 Nc6 7. Qe4 f5 8. Qe2
d6 9. exd6 Bxd6 10. g3 O-O 11. Bg2 Nf6 12. O-O e5 13. Rd1 Qe7 14. Na3 e4 15.
Ng5 h6 16. Nc4 Bc7 17. Nh3 f4 18. Nxf4 Bxf4 19. Bxf4 Bg4 20. Qf1 Bxd1 21. Bd6
Qe6 22. Bxf8 Bc2 23. Bh3 Qf7 24. Nd6 Qxf8 25. Qc4+ Kh7 26. Nxb7 Ne5 27. Qc7
Nfg4 28. Qc5 Rb8 29. b4 Qf6 30. Nd6 Rf8 31. Bxg4 Nxg4 32. Re1 Nxf2 33. Ne8 Qf3
0-1

[Event "5. Bayer Open"]
[Site "Leverkusen"]
[Date "2008.02.11"]
[Round "3"]
[White "Reinemer, Frank"]
[Black "Cordts, Ingo"]
[Result "1-0"]
[WhiteElo "2131"]
[BlackElo "2248"]
[PlyCount "103"]
[EventDate "2008.01.14"]
[EventType "swiss"]
[EventRounds "7"]
[EventCountry "GER"]
[Source "Birnkott,Manfre"]
[SourceDate "2008.04.23"]

1. d4 d5 2. c4 c6 3. cxd5 cxd5 4. Nc3 e5 5. Nf3 e4 6. Ne5 f6 7. Qa4+ Nd7 8. Ng4
Kf7 9. Nxd5 Nb6 10. Nxb6 Qxb6 11. Ne3 Bb4+ 12. Bd2 Bxd2+ 13. Kxd2 Qxb2+ 14. Nc2
Be6 15. Qb4 Qxb4+ 16. Nxb4 a5 17. Nc2 Nh6 18. h3 Nf5 19. e3 Rhc8 20. Be2 Rc7
21. Rhc1 Rac8 22. a3 Nd6 23. Ne1 Bc4 24. Bd1 b5 25. h4 f5 26. g3 h6 27. h5 Kf6
28. Ng2 Bf7 29. Nf4 Nc4+ 30. Ke1 Kg5 31. Be2 Rb7 32. Rab1 b4 33. axb4 axb4 34.
Ra1 b3 35. Ra6 Rb6 36. Rxb6 Nxb6 37. Rxc8 Nxc8 38. Kd2 Nb6 39. Bb5 Kg4 40. Be2+
Kg5 41. Bb5 Nc4+ 42. Bxc4 Bxc4 43. Kc3 Kg4 44. d5 Kg5 45. d6 Bb5 46. Kxb3 Kf6
47. Kb4 Be8 48. Kc5 Bd7 49. Kb6 Kf7 50. Kc7 Ke8 51. Ng6 Bb5 52. Ne5 1-0

[Event "5. Bayer Open"]
[Site "Leverkusen"]
[Date "2008.02.11"]
[Round "3"]
[White "Mladenov, Svetlin"]
[Black "Lommen, Frank"]
[Result "1-0"]
[WhiteElo "2299"]
[BlackElo "2025"]
[PlyCount "51"]
[EventDate "2008.01.14"]
[EventType "swiss"]
[EventRounds "7"]
[EventCountry "GER"]
[Source "Birnkott,Manfre"]
[SourceDate "2008.04.23"]

1. e4 c5 2. Nf3 e6 3. d4 cxd4 4. Nxd4 a6 5. c4 Nf6 6. Nc3 Qc7 7. Be3 d6 8. Be2
b6 9. O-O Bb7 10. f3 Be7 11. Qd2 O-O 12. Rfc1 Nbd7 13. a4 Bd8 14. a5 Qb8 15.
axb6 Bxb6 16. b4 Rc8 17. Na4 Bc7 18. Kh1 Rd8 19. Rab1 Ne5 20. Qe1 Nc6 21. Nxc6
Bxc6 22. b5 axb5 23. cxb5 Ba5 24. bxc6 Bxe1 25. Rxb8 Raxb8 26. c7 1-0

[Event "5. Bayer Open"]
[Site "Leverkusen"]
[Date "2008.02.11"]
[Round "3"]
[White "Peschel, Andreas"]
[Black "Balduan, Markus"]
[Result "0-1"]
[WhiteElo "2099"]
[BlackElo "2315"]
[PlyCount "104"]
[EventDate "2008.01.14"]
[EventType "swiss"]
[EventRounds "7"]
[EventCountry "GER"]
[Source "Birnkott,Manfre"]
[SourceDate "2008.04.23"]

1. Nf3 Nf6 2. g3 d5 3. Bg2 c6 4. O-O g6 5. c4 Bg7 6. cxd5 cxd5 7. d4 O-O 8. Nc3
Nc6 9. Ne5 Bf5 10. Bf4 Rc8 11. Qa4 a6 12. Nxc6 Rxc6 13. Qb3 Rb6 14. Qa3 Ne4 15.
Bc7 Qxc7 16. Nxd5 Qc6 17. Nxb6 Qxb6 18. g4 Nxf2 19. gxf5 Bxd4 20. Qf3 Ne4+ 21.
Kh1 Nf2+ 22. Kg1 Ne4+ 23. Kh1 Nd2 24. Qxb7 Nxf1 25. Qxb6 Bxb6 26. Rxf1 Rd8 27.
fxg6 hxg6 28. b4 Rd2 29. Bb7 Rxe2 30. Bxa6 Rxa2 31. Bc4 Rf2 32. Rxf2 Bxf2 33.
Kg2 Bb6 34. Kf3 e6 35. Ke4 Kf8 36. Be2 Bf2 37. Kf3 Ba7 38. Kg4 Kg7 39. Bc4 f5+
40. Kf4 Kf6 41. Kf3 g5 42. h3 e5 43. Bd5 Ke7 44. Bg8 e4+ 45. Ke2 Kf6 46. Bh7
Ke5 47. Bg6 f4 48. Bh5 Bd4 49. Bg4 Bc3 50. b5 f3+ 51. Kd1 Kf4 52. Be6 e3 0-1

[Event "5. Bayer Open"]
[Site "Leverkusen"]
[Date "2008.02.11"]
[Round "3"]
[White "Auer, Martin"]
[Black "Hirth, Ulrich"]
[Result "1-0"]
[WhiteElo "2228"]
[BlackElo "2208"]
[PlyCount "87"]
[EventDate "2008.01.14"]
[EventType "swiss"]
[EventRounds "7"]
[EventCountry "GER"]
[Source "Birnkott,Manfre"]
[SourceDate "2008.04.23"]

1. e4 Nf6 2. e5 Nd5 3. d4 d6 4. Nf3 Bg4 5. Be2 c6 6. c4 Nb6 7. Nbd2 N8d7 8. h3
Bxf3 9. Nxf3 dxe5 10. dxe5 e6 11. O-O Qc7 12. Qd4 h6 13. h4 g6 14. Bf4 Bg7 15.
Rfe1 Nc8 16. Bd3 c5 17. Qc3 Ne7 18. Re4 Nc6 19. Rae1 O-O-O 20. a3 a5 21. Bc2
Rdg8 22. Ba4 Bf8 23. Bxc6 bxc6 24. Bd2 a4 25. Qc2 Qa7 26. Rg4 Be7 27. Bc3 g5
28. h5 Nb6 29. Qe2 Rd8 30. Nd2 Rd7 31. Qf3 Rhd8 32. Nf1 Rd3 33. Qxf7 Qd7 34.
Ne3 Rf8 35. Qg6 Rf4 36. Rg3 Kb7 37. Qxh6 Nxc4 38. Nxc4 Rxc4 39. Rxd3 Qxd3 40.
Qxe6 Bd8 41. Qf7+ Ka6 42. e6 Re4 43. Rxe4 Qxe4 44. h6 1-0

[Event "5. Bayer Open"]
[Site "Leverkusen"]
[Date "2008.02.11"]
[Round "3"]
[White "Werbeck, Torsten"]
[Black "Ivic, Roman"]
[Result "1-0"]
[WhiteElo "2083"]
[BlackElo "2060"]
[PlyCount "87"]
[EventDate "2008.01.14"]
[EventType "swiss"]
[EventRounds "7"]
[EventCountry "GER"]
[Source "Birnkott,Manfre"]
[SourceDate "2008.04.23"]

1. d4 Nf6 2. Nf3 e6 3. c4 b6 4. g3 Bb7 5. Bg2 d5 6. O-O Be7 7. Bg5 O-O 8. Qc2
h6 9. Bxf6 Bxf6 10. Nc3 Nc6 11. cxd5 Nb4 12. Qa4 Nxd5 13. Rac1 Nxc3 14. Rxc3 c5
15. Rd3 Qe7 16. dxc5 Qxc5 17. Nd4 Bxg2 18. Kxg2 Qh5 19. e4 Qe5 20. Nf3 Qxb2 21.
Rd2 Qc3 22. Rc2 b5 23. Rxc3 bxa4 24. Ra3 Rfc8 25. Rxa4 Rc2 26. Rd1 a5 27. Ne1
Rc3 28. Rd2 Rd8 29. Rxd8+ Bxd8 30. Rd4 Bb6 31. Rd6 Bc7 32. Rd2 a4 33. Rc2 Ba5
34. Rxc3 Bxc3 35. Nc2 Kf8 36. Kf3 Ke7 37. Ke3 Kd6 38. Kd3 Bb2 39. Kc4 Ke5 40.
Kd3 g5 41. Ne3 Kf6 42. Nc4 Be5 43. Nb6 a3 44. Nd7+ 1-0

[Event "5. Bayer Open"]
[Site "Leverkusen"]
[Date "2008.02.11"]
[Round "3"]
[White "Weiler, Wolfgang"]
[Black "Vasiljev, Jurij"]
[Result "1-0"]
[WhiteElo "2170"]
[BlackElo "2062"]
[PlyCount "133"]
[EventDate "2008.01.14"]
[EventType "swiss"]
[EventRounds "7"]
[EventCountry "GER"]
[Source "Birnkott,Manfre"]
[SourceDate "2008.04.23"]

1. e4 c5 2. Nf3 e6 3. c4 Nc6 4. Nc3 g6 5. d4 cxd4 6. Nxd4 d6 7. Be3 a6 8. Be2
Bg7 9. Qd2 Nge7 10. O-O Nxd4 11. Bxd4 e5 12. Be3 Nc6 13. Rfd1 Nd4 14. Bh6 O-O
15. Bxg7 Kxg7 16. f3 Be6 17. Bf1 Rc8 18. b3 Rc6 19. Ne2 Nxe2+ 20. Bxe2 f5 21.
c5 fxe4 22. cxd6 Qb6+ 23. Kh1 Rd8 24. Qb2 Rcxd6 25. Qxe5+ Kg8 26. Rxd6 Qxd6 27.
Qxe4 Bd5 28. Bc4 b5 29. Bxd5+ Qxd5 30. Qe2 Kf7 31. Re1 Qd6 32. Kg1 Qd4+ 33. Kf1
Qd3 34. Qxd3 Rxd3 35. Ke2 Rd6 36. Rd1 Re6+ 37. Kf2 g5 38. Rd4 Kf6 39. h4 h6 40.
Kg3 Kf5 41. Rd5+ Kg6 42. hxg5 hxg5 43. Kg4 Kf6 44. g3 Rc6 45. Rf5+ Ke7 46. Kxg5
Rc2 47. a4 b4 48. Kf4 Rc3 49. Re5+ Kf6 50. Re3 Rc5 51. Ke4 a5 52. f4 Rc1 53. g4
Rg1 54. g5+ Kg6 55. Kf3 Rf1+ 56. Kg4 Rg1+ 57. Rg3 Rc1 58. f5+ Kf7 59. Kf4 Rf1+
60. Rf3 Rc1 61. g6+ Kf6 62. Ke4 Rc5 63. Kd4 Rc7 64. Rg3 Rd7+ 65. Ke4 Re7+ 66.
Kf4 Rg7 67. Rg1 1-0

[Event "5. Bayer Open"]
[Site "Leverkusen"]
[Date "2008.02.11"]
[Round "3"]
[White "Kies, Werner"]
[Black "Ljuboschiz, Alexander"]
[Result "1/2-1/2"]
[WhiteElo "1968"]
[BlackElo "2141"]
[PlyCount "40"]
[EventDate "2008.01.14"]
[EventType "swiss"]
[EventRounds "7"]
[EventCountry "GER"]
[Source "Birnkott,Manfre"]
[SourceDate "2008.04.23"]

1. e4 e5 2. Nf3 Nc6 3. Bb5 g6 4. Nc3 Bg7 5. d3 Nge7 6. Bg5 h6 7. Be3 Nd4 8. Ba4
c6 9. Ne2 Nxe2 10. Kxe2 d5 11. c3 O-O 12. h3 b6 13. exd5 cxd5 14. d4 Ba6+ 15.
Kd2 e4 16. Nh2 f5 17. g3 g5 18. f4 gxf4 19. gxf4 b5 20. Bb3 Qd6 1/2-1/2

[Event "5. Bayer Open"]
[Site "Leverkusen"]
[Date "2008.02.11"]
[Round "3"]
[White "Görke, Joachim"]
[Black "Hobusch, Alexander"]
[Result "1/2-1/2"]
[WhiteElo "2103"]
[BlackElo "2041"]
[PlyCount "61"]
[EventDate "2008.01.14"]
[EventType "swiss"]
[EventRounds "7"]
[EventCountry "GER"]
[Source "Birnkott,Manfre"]
[SourceDate "2008.04.23"]

1. d4 e6 2. e4 d5 3. exd5 exd5 4. Nf3 Nf6 5. Bd3 Be7 6. O-O O-O 7. Ne5 c5 8. c3
Nc6 9. Nxc6 bxc6 10. dxc5 Bxc5 11. Bg5 h6 12. Bh4 Re8 13. Qa4 Bb7 14. Nd2 Bb6
15. Rfe1 Qd6 16. Bg3 Qd7 17. Qf4 Rxe1+ 18. Rxe1 Re8 19. Rxe8+ Nxe8 20. Qf5 Qxf5
21. Bxf5 Kf8 22. Bb8 Ke7 23. Kf1 Ba6+ 24. Ke1 Nd6 25. Bg4 Nc4 26. Nxc4 Bxc4 27.
b3 Bd3 28. Bd1 d4 29. Be5 dxc3 30. Bxc3 f6 31. Bf3 1/2-1/2

[Event "5. Bayer Open"]
[Site "Leverkusen"]
[Date "2008.02.11"]
[Round "3"]
[White "Ziabari, Morteza"]
[Black "Wulfken, Christof"]
[Result "1/2-1/2"]
[WhiteElo "1807"]
[BlackElo "1946"]
[PlyCount "35"]
[EventDate "2008.01.14"]
[EventType "swiss"]
[EventRounds "7"]
[EventCountry "GER"]
[Source "Birnkott,Manfre"]
[SourceDate "2008.04.23"]

1. e4 c5 2. Nf3 d6 3. Nc3 a6 4. d4 cxd4 5. Nxd4 e6 6. Be3 Nf6 7. f3 Be7 8. Qd2
Bd7 9. g4 Nc6 10. g5 Nh5 11. Rg1 Qc7 12. f4 O-O-O 13. Be2 g6 14. Bxh5 gxh5 15.
O-O-O b5 16. Qf2 Kb7 17. Nb3 Rc8 18. Rd2 1/2-1/2

[Event "5. Bayer Open"]
[Site "Leverkusen"]
[Date "2008.02.11"]
[Round "3"]
[White "Becker, Rainer"]
[Black "Blomeyer, Peter"]
[Result "1/2-1/2"]
[WhiteElo "1979"]
[BlackElo "1855"]
[PlyCount "62"]
[EventDate "2008.01.14"]
[EventType "swiss"]
[EventRounds "7"]
[EventCountry "GER"]
[Source "Birnkott,Manfre"]
[SourceDate "2008.04.23"]

1. Nf3 {[%emt 0:00:00]} d6 2. d4 Nf6 3. c4 g6 4. Nc3 Bg7 5. e4 Nbd7 6. Be2 O-O
7. O-O c5 8. d5 a6 9. a4 Qc7 10. h3 Ne5 11. Nxe5 dxe5 12. Be3 Bd7 13. Qd2 Ne8
14. f3 Nd6 15. g4 f5 16. exf5 gxf5 17. Bd3 Rf7 18. gxf5 Bxf5 19. Bxf5 Nxf5 20.
Ne4 Nd4 21. Qg2 Kh8 22. Ng5 Rf6 23. Bxd4 exd4 24. Ne6 Rxe6 25. dxe6 Rg8 26. Kh1
Bh6 27. Qh2 Bf4 28. Qc2 Rg3 29. Qf5 Rg5 30. Qf8+ Rg8 31. Qf5 Rg5 1/2-1/2

[Event "5. Bayer Open"]
[Site "Leverkusen"]
[Date "2008.02.11"]
[Round "3"]
[White "Romaker, Johann"]
[Black "Böhm, Stefan"]
[Result "0-1"]
[WhiteElo "1849"]
[BlackElo "2010"]
[PlyCount "140"]
[EventDate "2008.01.14"]
[EventType "swiss"]
[EventRounds "7"]
[EventCountry "GER"]
[Source "Birnkott,Manfre"]
[SourceDate "2008.04.23"]

1. d4 e6 2. c4 b6 3. Nc3 Bb7 4. e4 Bb4 5. Bd3 f5 6. d5 fxe4 7. Bxe4 Qh4 8. Qe2
Nf6 9. Bf3 O-O 10. dxe6 Nc6 11. g3 Qd4 12. Bd2 Rae8 13. O-O-O Rxe6 14. Be3 Qe5
15. Nd5 Bd6 16. Qc2 Nxd5 17. Rxd5 Qf6 18. a3 Na5 19. Be4 Kh8 20. Nh3 Bxd5 21.
cxd5 Re5 22. Nf4 Rxe4 23. Qxe4 Qf5 24. Qxf5 Rxf5 25. Rd1 Nc4 26. Kc2 Be5 27.
Nd3 Bf6 28. Bf4 d6 29. Re1 g5 30. Re8+ Kg7 31. Bc1 Rxd5 32. Ra8 Ne5 33. Nxe5
Rxe5 34. Be3 a5 35. Ra7 Re7 36. b4 axb4 37. axb4 Kg6 38. Kd3 Kf5 39. h3 d5 40.
g4+ Kg6 41. Rb7 d4 42. Bd2 Be5 43. Kc2 h5 44. b5 hxg4 45. hxg4 Rf7 46. Be1 Rd7
47. Kd3 Rd5 48. Ke4 Rxb5 49. Bd2 Bd6 50. Kxd4 Rb2 51. Kd3 Ra2 52. Be3 Ra8 53.
Ke4 Kf6 54. Kd5 Ra5+ 55. Ke4 Ke6 56. Rb8 Ra4+ 57. Kf3 Bf4 58. Rb7 Kd5 59. Rb8
Kc6 60. Rg8 Ra3 61. Ke2 Bxe3 62. fxe3 Ra5 63. Kd3 Rd5+ 64. Kc3 Kc5 65. Rf8 b5
66. e4 b4+ 67. Kc2 Re5 68. Rf5 Kd4 69. Kb3 Kxe4 70. Rf1 c5 0-1

[Event "5. Bayer Open"]
[Site "Leverkusen"]
[Date "2008.02.11"]
[Round "3"]
[White "Pützkaul, Karl"]
[Black "Schmitz, Andreas"]
[Result "1/2-1/2"]
[WhiteElo "1853"]
[BlackElo "1845"]
[PlyCount "30"]
[EventDate "2008.01.14"]
[EventType "swiss"]
[EventRounds "7"]
[EventCountry "GER"]
[Source "Birnkott,Manfre"]
[SourceDate "2008.04.23"]

1. d4 e6 2. c4 d5 3. Nc3 c6 4. e4 dxe4 5. Nxe4 Bb4+ 6. Bd2 Qxd4 7. Bxb4 Qxe4+
8. Be2 Qe5 9. Bc3 Qg5 10. Nf3 Qg6 11. O-O Nd7 12. Bd3 Qh6 13. Qe2 Ngf6 14. Rfe1
O-O 15. Bd2 Qh5 1/2-1/2

[Event "5. Bayer Open"]
[Site "Leverkusen"]
[Date "2008.02.11"]
[Round "3"]
[White "Buchkremer, Felix"]
[Black "Brinkmann, Sven"]
[Result "1-0"]
[WhiteElo "2036"]
[BlackElo "1814"]
[PlyCount "121"]
[EventDate "2008.01.14"]
[EventType "swiss"]
[EventRounds "7"]
[EventCountry "GER"]
[Source "Birnkott,Manfre"]
[SourceDate "2008.04.23"]

1. e4 e6 2. d4 d5 3. e5 c5 4. c3 Nc6 5. Nf3 Qb6 6. Bd3 cxd4 7. cxd4 Bd7 8. O-O
Nb4 9. Be2 Rc8 10. Nc3 Ne7 11. Be3 Nf5 12. Qb3 Be7 13. a3 Na6 14. Qxb6 axb6 15.
Bd2 O-O 16. g4 Nh6 17. h3 Kh8 18. Kg2 Ng8 19. g5 Nc7 20. h4 f5 21. Ne1 Ra8 22.
Nd3 Rfc8 23. Nf4 Bf8 24. Na2 Ne7 25. Bb4 Kg8 26. Rfc1 Nc6 27. Bxf8 Kxf8 28. Rd1
Ra4 29. Nb4 Nxb4 30. b3 Nc2 31. bxa4 Nxa1 32. Rxa1 Bxa4 33. Rb1 Bc6 {=} 34.
Rxb6 Ra8 35. Rb3 Ra4 36. Rd3 Kf7 37. Bh5+ Ke7 38. Bd1 Rc4 39. Ne2 Ba4 40. Bxa4
Rxa4 41. Rb3 b5 42. h5 Rc4 43. Kf3 Kd7 44. Rc3 Kc6 45. Ke3 Kb6 46. Kd2 Ka5 47.
h6 gxh6 48. gxh6 Rxc3 49. Nxc3 b4 50. axb4+ Kxb4 51. Kd3 Ka5 52. Ne2 Kb5 53.
Nf4 Kc6 54. Nh5 Ne8 55. Nf6 Nxf6 56. exf6 Kd6 57. Ke3 Kd7 58. Kf3 Ke8 59. Kf4
Kf8 60. Ke5 Kf7 61. f4 1-0

[Event "5. Bayer Open"]
[Site "Leverkusen"]
[Date "2008.02.11"]
[Round "3"]
[White "Scharff, Klaus"]
[Black "Erdmann, Kristian"]
[Result "1-0"]
[WhiteElo "1928"]
[BlackElo "1741"]
[PlyCount "71"]
[EventDate "2008.01.14"]
[EventType "swiss"]
[EventRounds "7"]
[EventCountry "GER"]
[Source "Birnkott,Manfre"]
[SourceDate "2008.04.23"]

1. d4 d5 2. c4 dxc4 3. e4 b5 4. Nf3 e6 5. Be2 Bb7 6. e5 a6 7. O-O Ne7 8. b3
cxb3 9. Qxb3 Nd5 10. Nc3 Be7 11. Nxd5 Bxd5 12. Qc2 O-O 13. Be3 Nd7 14. Bd3 h6
15. Qd2 Bxf3 16. gxf3 g5 17. h4 f5 18. exf6 Bxf6 19. hxg5 Bxg5 20. f4 Bh4 21.
Kh1 Nf6 22. Rg1+ Kf7 23. Rac1 Qd5+ 24. Kh2 Rac8 25. Qa5 Qd6 26. Bg6+ Ke7 27. d5
Bxf2 28. Bxf2 Qxf4+ 29. Bg3 Ng4+ 30. Kh1 Qf3+ 31. Rg2 Ne3 32. Rxc7+ Kf6 33.
Bh4+ Ke5 34. Qc3+ Kd6 35. Be7+ Kxd5 36. Qc5# 1-0

[Event "5. Bayer Open"]
[Site "Leverkusen"]
[Date "2008.02.11"]
[Round "3"]
[White "Schimpf, Rolf"]
[Black "Schmald, Nikolai"]
[Result "1-0"]
[WhiteElo "1811"]
[BlackElo "1722"]
[PlyCount "93"]
[EventDate "2008.01.14"]
[EventType "swiss"]
[EventRounds "7"]
[EventCountry "GER"]
[Source "Birnkott,Manfre"]
[SourceDate "2008.04.23"]

1. d4 d5 2. Nf3 e6 3. e3 c5 4. c3 Nf6 5. Bd3 Nc6 6. Nbd2 cxd4 7. exd4 Bd6 8.
O-O h6 9. Qe2 Qc7 10. Re1 Ng4 11. h3 Nxf2 12. Qxf2 Bg3 13. Qe2 Bxe1 14. Qxe1
Bd7 15. Nb3 g5 16. Nh2 O-O-O 17. Be3 f5 18. Nc5 f4 19. Bd2 Qd6 20. b4 h5 21. b5
Na5 22. Qf1 Kb8 23. Re1 Rdf8 24. Re5 Rhg8 25. Qe2 g4 26. hxg4 Rf6 27. Nxd7+
Qxd7 28. Rxh5 Qf7 29. Rh7 Qf8 30. Qe5+ Ka8 31. Qc7 Qa3 32. g5 Qxa2 33. Nf3 Rff8
34. Bxf4 Rc8 35. Qe5 Rxc3 36. Qxe6 Rcc8 37. Be5 Rc1+ 38. Kh2 Rgc8 39. Rh8 Rxh8+
40. Bxh8 a6 41. bxa6 Qa1 42. axb7+ Nxb7 43. Qxd5 Rh1+ 44. Kg3 Rxh8 45. Be4 Qb2
46. g6 Rd8 47. Qxd8+ 1-0

[Event "5. Bayer Open"]
[Site "Leverkusen"]
[Date "2008.02.11"]
[Round "3"]
[White "Liebsch, Ulrich"]
[Black "Birnkott, Manfred"]
[Result "1/2-1/2"]
[WhiteElo "1732"]
[BlackElo "1944"]
[PlyCount "127"]
[EventDate "2008.01.14"]
[EventType "swiss"]
[EventRounds "7"]
[EventCountry "GER"]
[Source "Birnkott,Manfre"]
[SourceDate "2008.04.23"]

1. e4 c5 2. Nf3 d6 3. d4 cxd4 4. Nxd4 Nf6 5. Nc3 g6 6. Bc4 Bg7 7. O-O O-O 8. h3
Nxe4 9. Bxf7+ Rxf7 10. Nxe4 Nc6 11. Be3 Nxd4 12. Bxd4 e5 13. Be3 d5 14. Ng5 Rf8
15. c3 d4 16. cxd4 exd4 17. Qb3+ Kh8 18. Bd2 Qf6 19. Rac1 h6 20. Ne4 Qe6 21.
Qxe6 Bxe6 22. b3 Bd5 23. Rfe1 Rac8 24. Nc5 Rfe8 25. Rxe8+ Rxe8 26. Kf1 Rc8 27.
f3 g5 28. Nd3 Bc6 29. Kf2 Re8 30. Re1 Rxe1 31. Bxe1 Kg8 32. Bd2 Kf7 33. f4 gxf4
34. Bxf4 Ke6 35. g4 Bf8 36. g5 hxg5 37. Bxg5 Kf5 38. h4 Bb5 39. Nc1 Bc5 40. Ke1
d3 41. a4 Ba6 42. Na2 Bd6 43. Kd2 Kg4 44. Ke3 b6 45. Nc3 Bc5+ 46. Kd2 Bb4 47.
Bf6 Kf5 48. Bg5 b5 49. Be3 bxa4 50. bxa4 Kg4 51. Bxa7 Kxh4 52. Bd4 Bc4 53. Ke3
Kg4 54. Bh8 Bc5+ 55. Kd2 Kf3 56. Nd1 Bb6 57. Bc3 Ke4 58. Bb4 Ba6 59. Bc3 Kf3
60. Bb4 Bc7 61. Ne3 Bf4 62. Bc5 Ke4 63. Bb6 Bd6 64. Nd1 1/2-1/2

[Event "5. Bayer Open"]
[Site "Leverkusen"]
[Date "2008.02.11"]
[Round "3"]
[White "Bigott, Martin"]
[Black "Gülden, Ralf"]
[Result "1/2-1/2"]
[WhiteElo "1691"]
[BlackElo "1699"]
[PlyCount "48"]
[EventDate "2008.01.14"]
[EventType "swiss"]
[EventRounds "7"]
[EventCountry "GER"]
[Source "Birnkott,Manfre"]
[SourceDate "2008.04.23"]

1. d4 Nf6 2. Nf3 e6 3. Bf4 d5 4. Nbd2 c5 5. e3 Nc6 6. c3 Be7 7. a4 O-O 8. Bd3
Bd7 9. h3 a6 10. O-O Rc8 11. Re1 cxd4 12. exd4 Nb8 13. Ne5 Bc6 14. Ndf3 Bd6 15.
Bg5 Be7 16. Qc2 h6 17. Bf4 Bd6 18. Qd2 Bxe5 19. Nxe5 Nbd7 20. Nxc6 Rxc6 21. g4
Nh7 22. Qc2 Ng5 23. Kg2 f5 24. Bg3 fxg4 1/2-1/2

[Event "5. Bayer Open"]
[Site "Leverkusen"]
[Date "2008.02.11"]
[Round "3"]
[White "Witte, Volker"]
[Black "Gnass, Arno"]
[Result "0-1"]
[WhiteElo "1673"]
[BlackElo "1639"]
[PlyCount "140"]
[EventDate "2008.01.14"]
[EventType "swiss"]
[EventRounds "7"]
[EventCountry "GER"]
[Source "Birnkott,Manfre"]
[SourceDate "2008.04.23"]

1. d4 Nf6 2. c4 g6 3. Nc3 d5 4. cxd5 Nxd5 5. e4 Nxc3 6. bxc3 Bg7 7. Bc4 c5 8.
Be3 O-O 9. Ne2 Nc6 10. O-O Qa5 11. Rb1 Rd8 12. Rb5 Qc7 13. Rxc5 b6 14. Bf4 e5
15. Rxc6 Qxc6 16. Bd5 Qc7 17. Bxa8 exf4 18. Bd5 Ba6 19. Qd2 Bxe2 20. Qxe2 Qxc3
21. Qf3 Qxf3 22. gxf3 Bxd4 23. Rd1 Bf6 24. Rc1 Rd7 25. Kf1 $11 Kg7 26. Rc2 Be5
27. Ke2 Rc7 28. Rxc7 Bxc7 29. Kd3 Bd6 30. Ke2 Bc5 31. Kf1 Kf6 32. Kg2 Ke7 33.
Kf1 b5 34. Kg2 a5 35. Kf1 b4 36. Bb3 f6 37. Bg8 h6 38. Bh7 a4 39. Bg8 Kd6 40.
Ke2 Ke5 41. Kd3 Bxf2 42. Bf7 g5 43. Kc4 Be1 44. Be8 a3 45. Bd7 h5 46. h3 g4 47.
hxg4 h4 48. g5 fxg5 49. Bh3 Kf6 50. Bc8 Kg6 51. Bf5+ Kf6 52. Bc8 Ke5 53. Bh3
Bc3 54. Bc8 Bb2 55. Bg4 b3 56. Kxb3 Kd4 57. Kb4 Ke3 58. e5 Bxe5 59. Kxa3 h3 60.
Bxh3 Kxf3 61. Be6 Ke3 62. Kb4 f3 63. a4 f2 64. Bh3 g4 65. Bf1 Kd2 66. a5 Ke1
67. Bg2 f1=Q 68. Bxf1 Kxf1 69. Kc5 g3 70. a6 g2 0-1